Iglesias Semana Santa de Córdoba - Estadísticas

Estadísticas generales
  • Esta prueba ha sido intentada 9 veces
  • La puntuación promedio es 14 de 40
Estadísticas de respuestas
Hermandad Iglesia % Correcto
La Expiración Real Iglesia de San Pablo
80%
La Misericordia Basílica Menor de San Pedro
60%
Huerto Iglesia de San Francisco y San Eulogio
60%
La Caridad Iglesia de San Francisco y San Eulogio
60%
Esperanza Parroquia de San Andrés Apóstol
60%
Buen Suceso Parroquia de San Andrés Apóstol
60%
Borriquita Parroquia de San Lorenzo Mártir
60%
Remedio de Ánimas Parroquia de San Lorenzo Mártir
60%
El Calvario Parroquia de San Lorenzo Mártir
60%
Pasión Iglesia de Nuestra Señora de la Paz
40%
Conversión Iglesia de Nuestra Señora del Rosario
40%
Las Angustias Iglesia de San Agustín
40%
La Merced Iglesia de San Antonio de Padua
40%
El Caído Iglesia de San Cayetano
40%
El Perdón Iglesia de San Roque
40%
Resucitado Iglesia de Santa Marina
40%
Las Penas Iglesia de Santiago Apóstol
40%
El Nazareno Iglesia Hospital de Jesús Nazareno
40%
Presentación al Pueblo Iglesia Parroquial de San Vicente Ferrer
40%
La Estrella Parroquia de San Fernando
40%
Vía-Crucis Parroquia de San Juan y Todos los Santos
40%
Santa Faz Parroquia de San Juan y Todos los Santos
40%
La Sentencia Parroquia de San Nicolás de la Villa
40%
La Sangre Convento del Císter
20%
La Paz Iglesia Conventual del Santo Ángel
20%
Santo Sepulcro Iglesia del Salvador
20%
Rescatado Iglesia de Nuestra Señora de Gracia y San Eulogio
20%
Cristo de Gracia Iglesia de Nuestra Señora de Gracia y San Eulogio
20%
Lágrimas Iglesia de Nuestra Señora de la Asunción
20%
La Piedad Iglesia de San Antonio María Claret
20%
Vera+Cruz Iglesia de San José y Espíritu Santo
20%
Descendimiento Iglesia de San José y Espíritu Santo
20%
La Soledad Iglesia de Santa María de Guadalupe
20%
Agonía Iglesia de Santa Victoria
20%
La Cena Parroquia Beato Álvaro de Córdoba
20%
El Amor Parroquia de Jesús Divino Obrero
20%
Dolores del Alcolea Parroquia Nuestra Señora de los Ángeles
20%
Buena Muerte Real Colegiata de San Hipólito
20%
Universitaria Iglesia de San Pedro de Alcántara
0%
Los Dolores Iglesia-Hospital de San Jacinto
0%
No se encontraron pruebas coincidentes
Distribución de puntuación
Porcentaje de gente con cada puntuación
Porcentaje por número respondido
Historial de tus puntuaciones
No has intentado esta prueba.